مكتبة جامعة عجلون الوطنية

فهرس بحث المكتبة

دور المنظمة المتعلمة في تحقيق البراعة التنظيمية لدى موظفي المستشفيات الخاصة في الاردن = The Role of Learning Organization in Achieving Organizational Prowess for Private Hospital Staff in Jordan (Record no. 31328)

MARC details
000 -LEADER
fixed length control field 01269nam a2200241Ii 4500
003 - CONTROL NUMBER IDENTIFIER
control field JO-AjNU
005 - DATE AND TIME OF LATEST TRANSACTION
control field 20240624100844.0
008 - FIXED-LENGTH DATA ELEMENTS--GENERAL INFORMATION
fixed length control field 230605s9999||||xx |||||||||||||| ||und||
040 ## - CATALOGING SOURCE
Original cataloging agency JO-AjNU
Language of cataloging ara
Description conventions rda
Transcribing agency JO-AjNU
041 ## - LANGUAGE CODE
Language code of text/sound track or separate title ara
050 14 - LIBRARY OF CONGRESS CALL NUMBER
Classification number HD58.82.2021
100 ## - MAIN ENTRY--PERSONAL NAME
Personal name شقاقحة، علاء محمد سلامة
Relator term معد
9 (RLIN) 65506
245 00 - TITLE STATEMENT
Title دور المنظمة المتعلمة في تحقيق البراعة التنظيمية لدى موظفي المستشفيات الخاصة في الاردن = The Role of Learning Organization in Achieving Organizational Prowess for Private Hospital Staff in Jordan
Statement of responsibility, etc. / اعداد علاء محمد سلامة شقاقحة ؛ اشراف علي فلاح مفلح الزعبي
264 31 - PRODUCTION, PUBLICATION, DISTRIBUTION, MANUFACTURE, AND COPYRIGHT NOTICE
Place of production, publication, distribution, manufacture 2021
300 ## - PHYSICAL DESCRIPTION
Extent 157 ورقة
336 ## - CONTENT TYPE
Content type term text
Content type code txt
Source rdacontent
337 ## - MEDIA TYPE
Media type term unmediated
Media type code n
Source rdamedia
338 ## - CARRIER TYPE
Carrier type term volume
Carrier type code nc
Source rdacarrier
500 ## - GENERAL NOTE
General note رسالة جامعية(اطروحة ماجستير) جامعة عجلون الوطنية، كلية ادارة الاعمال، تخصص ادارة الاعمال، 2021
650 #4 - SUBJECT ADDED ENTRY--TOPICAL TERM
Topical term or geographic name entry element البراعة التنظمية- المستشفيات الخاصة-الاردن
9 (RLIN) 61417
700 ## - ADDED ENTRY--PERSONAL NAME
Personal name علي فلاح مفلح الزعبي
Relator term مشرف
9 (RLIN) 65510
942 ## - ADDED ENTRY ELEMENTS (KOHA)
Source of classification or shelving scheme Library of Congress Classification
Koha item type Thesis
Holdings
Withdrawn status Lost status Source of classification or shelving scheme Damaged status Not for loan Home library Current library Shelving location Date acquired Total Checkouts Full call number Barcode Date last seen Price effective from Koha item type
    Library of Congress Classification     مكتبة جامعة عجلون الوطنية مكتبة جامعة عجلون الوطنية المراجع 24/06/2024   HD58.82.2021 A27760 06/06/2023 06/06/2023 Thesis
    Library of Congress Classification     مكتبة جامعة عجلون الوطنية مكتبة جامعة عجلون الوطنية   24/06/2024   HD58.82.2021 A27759 24/06/2024 24/06/2024 Thesis